000
003200000a22001450004500
003
MACL
040
_a
MACL
090
_c
6276
_d
6275
100
_a
Bhagyalakshmi, S.
245
_a
Swami Krishnananda in Convesation
260
_b
Vikas Publishing House
_c
1983
350
_a
125
650
_a
Philisophy
942
_c
BOOK
_k
100
999
_c
6228
_d
6228